000 01181nam a22002777a 4500
003 dpl
005 20180908133205.0
008 180908b xxu||||| |||| 00| 0 eng d
010 _aB-111693
020 _c120.00
035 _aB-111693
037 _bBPPD/PUB
040 _aDPL
_bHN
_c0
082 _a
_bभट्टाचा
100 _aभट्टाचार्य, निमाई
_974685
245 _aसोनागाछी की चम्पा /
_cनिमाई भट्टाचार्य ; अनुवादक कुमार नीलाभ
260 _aनयी दिल्ली
_bडायमंड पॉकेट बुक्स
_c2002
270 _ax-30, ओखला इंडस्ट्रियल एरिया
_bनयी दिल्ली
_e110020
300 _a118पृ.
_c23सेमी(सजिल्द)
650 _aहिन्दी साहित्य
_974686
650 _aहिन्दी -- उपन्यास
_974687
650 _aHindi literature
_974688
650 _aHindi -- Fiction
_927248
700 _aनीलाभ, कुमार
942 _2ddc
_cHN
_h
_mभट्टाचा
999 _c157203
_d157203